Poisťovníctvo a účtovníctvo poisťovní
Recenzia 2. prepracovaného a doplneného vydania publikácie J. Meluchovej: Poisťovníctvo a účtovníctvo poisťovní. Obsah, prílohy a označenie určenia publikácie.
Gespeichert in:
| 1. Verfasser: | |
|---|---|
| Format: | Buchkapitel |
| Sprache: | Slowakisch |
| Schlagworte: | |
| Tags: |
Keine Tags, Fügen Sie das erste Tag hinzu!
|
MARC
| LEADER | 00000naa$a2200000$$$4500 | ||
|---|---|---|---|
| 001 | 0012761 | ||
| 005 | 20240502071358.0 | ||
| 041 | 0 | |a slo | |
| 044 | |a SK | ||
| 245 | 1 | 0 | |a Poisťovníctvo a účtovníctvo poisťovní |c Zuzana Juhászová |
| 520 | |a Recenzia 2. prepracovaného a doplneného vydania publikácie J. Meluchovej: Poisťovníctvo a účtovníctvo poisťovní. Obsah, prílohy a označenie určenia publikácie. | ||
| 610 | 2 | 0 | |a poisťovne |
| 610 | 2 | 0 | |a účtovníctvo |
| 610 | 2 | 0 | |a recenzie |
| 100 | 1 | |a Juhászová, Zuzana, 1970- | |